Životné jubileum doc. RNDr. Ľudovíta Martinca, CSc.

Bibliographic Details
Main Author: Čižmárik, Jozef, 1943- (Author)
Format: Article
Language:Slovak
Subjects:

MARC

LEADER 00000nab a2200000 a 4500
001 vtls000497547
003 SK-MaSNL
005 20260304082328.0
008 250424c1993 xo 0 slo
015 |a SNBRB19rr/mm-uuuuu 
035 |a CL0497685 
035 |a urn:nbn:sk:snk-ab1our 
035 |a (urnnbn)urn:nbn:sk:snk:ar-004t92 
035 |a (uuid)498c64db-0e80-4d84-bfaf-6dc9bcc7c4a6 
040 |a SNKBUCL  |b slo  |c SNKBUCL  |e AACR2 
041 0 |a slo 
044 |a xo  |c SK 
080 |a 615-051  |2 1981 
080 |a 929 Martinec, Ľudovít  |2 1981 
100 1 |a Čižmárik, Jozef,  |d 1943-  |4 aut  |9 106710 
245 1 0 |a Životné jubileum doc. RNDr. Ľudovíta Martinca, CSc.  |c Jozef Čižmárik 
600 1 7 |a Martinec, Ľudovít,  |d 1943-  |2 snkbucl  |9 11555 
655 7 |a články z novín a časopisov  |2 snkbucl  |9 267496 
773 0 |t Farmaceutický obzor  |g Roč. 62, č. 10 (1993), s. 469  |x 0014-8172 
850 |a Slovenská národná knižnica 
852 |a Slovenská národná knižnica 
954 |a odborná, vedecká literatúra pôvodná (slovenská)  |2 lita 
958 |a article27 
958 |a OND 
958 |a BX 
958 |a RK 
958 |a MI 
958 |a EUIPO 
992 |a RBX 
999 |c 2795310  |d 2797240